000 00711nam a2200229 u 4500
005 20230909063619.0
008 180924s2016 r 000 0 eng d
020 _a9786079710194
035 _aUPN01000226812
049 _aCG
050 4 _aB2430 D4.5
_bC8.3
100 1 _aEzcurdia, José
_941954
245 1 0 _aCuerpo, intuición y diferencia en el pensamiento de Gilles Deleuze/
_cJosé Ezcurdia.
260 _aMéxico :
_bUNAM :
_bItaca,
_c2016.
300 _a127 p.
600 1 4 _aDELEUZE, GILLES,
_d1925-1995 -
_xCRITICA E INTERPRETACION
_927027
650 4 _aCuerpo humano (Filosofía)
_919183
650 4 _aINTUICION
650 4 _aDIFERENCIA (FILOSOFIA)
_926847
905 _aLibro
999 _c198908
_d198908